000 00639nam a22002177a 4500
005 20251108173657.0
008 250721s2002 xx 000 0 ara d
020 _a9953295115
082 1 4 _aط/523.1/تاغ
100 1 _aتاغولم، سالي
245 1 0 _aغوامض الليل كاملة في كتاب /
264 1 _aبيروت :
_bالدار العربية للعلوم،
_c2002.
300 _a93ص.
490 0 _aكتابي المفضل
650 1 7 _aالنظام الشمسي
650 1 7 _aالأرض
653 _aالليل
653 _aناشئون صغار (10-14)سنة
942 _2ddc
_cBK
999 _c109698
_d109698